000
00219nam a22000857a 4500
008
161206b xxu||||| |||| 00| 0 eng d
100
_9
1822
_a
Aksakov.S
245
_a
The LIttle Scarlet Flower
260
_a
Moscow
_b
Progress
_c
1976
999
_c
4566
_d
4566